Mystery Taylor Swift Song #145 - Statistics

General Stats
  • This quiz has been taken 232 times
  • The average score is 82 of 133
Answer Stats
Song % Correct
a
94%
I
94%
the
92%
You
91%
we
90%
1989
87%
And
87%
me
87%
It
84%
be
83%
to
83%
do
82%
your
82%
my
80%
On
80%
is
79%
when
79%
who
79%
Don't
78%
that
78%
for
76%
Now
76%
was
76%
ever
75%
have
75%
like
75%
of
75%
Red
75%
this
75%
you're
75%
know
74%
talk
74%
what
74%
she
73%
were
72%
it's
71%
said
71%
say
71%
But
70%
So
70%
Did
69%
get
69%
off
69%
best
68%
men
68%
never
68%
way
68%
with
68%
from
67%
how
67%
mom
66%
Now That We Don't Talk
66%
am
65%
got
64%
just
64%
think
64%
can't
63%
I'll
63%
friend
62%
had
62%
new
62%
want
62%
call
61%
I'd
61%
though
61%
tell
60%
chest
59%
didn't
59%
even
59%
guess
59%
home?
59%
Or
59%
pretend
59%
mega
58%
rock
57%
went
57%
you'd
56%
acid
55%
friends
55%
has
55%
looks
55%
part
55%
started
55%
yacht
55%
long
54%
more
54%
party
54%
better
53%
hair
53%
lost
53%
myself
53%
cost
52%
everybody
52%
icons
52%
heard
51%
Remind
51%
back
50%
cannot
50%
change
50%
grew
50%
left
50%
less
50%
miss
50%
pay
50%
price
50%
Sea
50%
anxious
49%
been
49%
crowd
49%
important
49%
only
49%
thoughts
49%
into
48%
lives
48%
old
48%
trying
48%
outside
46%
ways
46%
dignity
45%
faded
45%
'til
45%
gave
44%
chasing
41%
mystery
41%
weekends
41%
ended
40%
turn
39%
Platonic
38%
maybe
36%
Truth
36%
shrouded
35%
Shared
29%
dinners
27%
No matching quizzes found
Score Distribution
Percent of People with Each Score
Percentile by Number Answered
Your Score History
You have not taken this quiz